000 00509nam a2200181Ia 4500
003 IN-BaIIA
008 211028s9999 xx 000 0 eng d
040 _cIIA Library
080 _a621.38
_bKOW
100 _aKowalski, E
_96137
245 0 _aNuclear electronics
_cE. Kowalski
260 _aBerlin
_bSpringer-Verlag
_c1970
300 _ax, 402p.
650 _aElectronics
_91576
650 _aNASA Thesaurus
650 _aNuclear Radiation
_91757
942 _cBK
999 _c3470
_d3470